=LDR 00000nam 2200000 4500 =001 INLIS000000000809847 =008 ###################################ind## =035 ##$$a 0010-0825000340 =245 ##$$a Pelayaran Nusantara / $c Arim Kamandaka =260 ##$$b Penerbit Sic =020 ##$$a 9793233338 =084 ##$$a 386 AKA p =520 ##$$a Pengangkutan (Pelayaran) pedalaman dan ferry =082 ##$$a 386